| 000 | 00450nam a22001697a 4500 | ||
|---|---|---|---|
| 005 | 20180201113839.0 | ||
| 008 | 160523b xxu||||| |||| 00| 0 eng d | ||
| 020 | _a978-81-7758-118-8 | ||
| 041 | _aeng | ||
| 082 |
_b4423 _a004 |
||
| 100 |
_aITL Education Solution Ltd _91081 |
||
| 245 | _aIntroduction to Information Technology | ||
| 260 |
_aNew Delhi _bAcademic Faundation |
||
| 300 | _a648 | ||
| 650 |
_aInformation Technology _9137 |
||
| 942 | _cBK | ||
| 999 |
_c1472 _d1472 |
||